External Relations of the EU: Focus on the Mediterranean Region

Guardado en:
Detalles Bibliográficos
Autor principal: Čiderová, Denisa, 1977-
Otros Autores: Kovačević, Dubravka
Formato: Capítulo de libro
Lenguaje:inglés
Materias:
Etiquetas: Agregar Etiqueta
Sin Etiquetas, Sea el primero en etiquetar este registro!

MARC

LEADER 00000naa$a2200000$$$4500
001 0228868
005 20240502083616.8
041 0 |a eng 
044 |a HR 
245 1 0 |a External Relations of the EU: Focus on the Mediterranean Region  |c Denisa Čiderová, Dubravka Kovačević 
500 |a Abstrakt 
610 2 0 |a vzťahy medzinárodné 
610 2 0 |a vzťahy hospodárske vonkajšie 
610 2 0 |a Európska únia 
610 2 0 |a geopolitika 
610 2 0 |a makroregióny 
610 2 0 |a more 
100 1 |a Čiderová, Denisa, 1977- 
700 1 |a Kovačević, Dubravka